002970000a2200073000450024500750000004100140007510000280008977301060011710aSistemas "in vitro", un complemento en el mejoramiento de las Musaceas0 aEspañol1 aPerea Dallos, Margarita1 tRevista de la Academia Colombiana de Ciencias Exactas, Fisicas y Naturales332h70q323-331d1992g18